000 01221nam a22002297a 4500
999 _c57620
_d57620
003 Ge_BSU
005 20200818144122.0
008 200818s2019 ge ||||| |||| 00| 0 geo d
020 _a9789941963889
041 _ageo
080 _a342.4 (042) გ. 59
100 _aგოგიაშვილი, გიორგი
_97880
245 _aკონსტიტუციის საიდუმლოებანი = The mysteries of constitution :
_bლექციები შედარებით-კონსტიტუციურ სამართალში /
_cგიორგი გოგიაშვილი; სამეცნ. რედ. მინდია უგრეხელიძე.
250 _aმეორე გამოცემა
264 _aთბილისი :
_bიურისტების სამყარო,
_c2019.
300 _a565 გვ.
_b24 სმ.
520 _aრეზიუმე ინგლ. ენ.
653 _aონსტიტუციის საიდუმლოებანი
653 _aსამართალი
700 _aუგრეხელიძე, მინდია
_eრედაქტორი
_96958
942 _2udc
_cBK